35 questions de grammaire française : Fiches synthétiques, conseils pour apprendre, exercices et corrigés (notice n° 1567270)
[ vue normale ]
| 000 -LEADER | |
|---|---|
| fixed length control field | 00937cam a2200145 4500500 |
| 005 - DATE AND TIME OF LATEST TRANSACTION | |
| control field | 20251214002640.0 |
| 041 ## - LANGUAGE CODE | |
| Language code of text/sound track or separate title | fre |
| 042 ## - AUTHENTICATION CODE | |
| Authentication code | dc |
| 100 10 - MAIN ENTRY--PERSONAL NAME | |
| Personal name | Leca-Mercier, Florence |
| Relator term | author |
| 245 00 - TITLE STATEMENT | |
| Title | 35 questions de grammaire française : Fiches synthétiques, conseils pour apprendre, exercices et corrigés |
| 260 ## - PUBLICATION, DISTRIBUTION, ETC. | |
| Name of publisher, distributor, etc. | Armand Colin,<br/> |
| Date of publication, distribution, etc. | 2019.<br/> |
| 520 ## - SUMMARY, ETC. | |
| Summary, etc. | Cet ouvrage est une véritable initiation aux mécanismes linguistiques qui sous-tendent les règles de grammaire. Il propose au lecteur une démarche active et une méthode d’analyse de la langue qu’il peut acquérir sur la base des nombreux exercices proposés. Rappels des principales notions grammaticales Corrigés détaillés et commentés Panorama des différentes approches théoriques |
| 700 10 - ADDED ENTRY--PERSONAL NAME | |
| Personal name | Mercier-Leca, Florence |
| Relator term | author |
| 856 41 - ELECTRONIC LOCATION AND ACCESS | |
| Uniform Resource Identifier | <a href="https://shs.cairn.info/35-questions-de-grammaire-francaise--9782200624712?lang=fr&redirect-ssocas=7080">https://shs.cairn.info/35-questions-de-grammaire-francaise--9782200624712?lang=fr&redirect-ssocas=7080</a> |
Pas d'exemplaire disponible.




Réseaux sociaux